000 00380nam a22001337a 4500
999 _c8165
_d8166
008 190713b ||||| |||| 00| 0 eng d
020 _a9781601730350
082 _a333.7 SHE
100 _aShepard, Mark
245 _aRestoration Agriculture ;
_bReal World Permaculture for Farmers
260 _aU S A ;
_bGreeley, Coloroda ;
_c2013.
300 _axxii, 329 p.
_c23 cm.
942 _2ddc